La coyuntura del sector externo colombiano y la movilización del ahorro interno (Registro nro. 11957)

Detalles MARC
000 -LEADER
fixed length control field 00986nam a2200241Ia 4500
003 - CONTROL NUMBER IDENTIFIER
control field OSt
005 - DATE AND TIME OF LATEST TRANSACTION
control field 20210716114229.0
008 - FIXED-LENGTH DATA ELEMENTS--GENERAL INFORMATION
fixed length control field 210310s1983 ck gr 000 0 spa d
040 ## - CATALOGING SOURCE
Original cataloging agency CO-JMCR
Transcribing agency CO-JMCR
041 0# - LANGUAGE CODE
Language code of text/sound track or separate title spa
082 04 - DEWEY DECIMAL CLASSIFICATION NUMBER
Classification number 320.9861 /
Item number A837c
Edition number 23
111 ## - MAIN ENTRY--MEETING NAME
Meeting name or jurisdiction name as entry element Convención Bancaria y de Instituciones Financieras
Number of part/section/meeting (21ra:
Date of meeting or treaty signing 1983:
Location of meeting Cartagena, Colombia)
9 (RLIN) 38527
245 13 - TITLE STATEMENT
Title La coyuntura del sector externo colombiano y la movilización del ahorro interno
Statement of responsibility, etc. [Vigésima Tercera Convención Bancaria y de Instituciones Financieras] ; Asociación Bancaria de Colombia.
260 ## - PUBLICATION, DISTRIBUTION, ETC.
Place of publication, distribution, etc. [Cartagena, Colombia] :
Name of publisher, distributor, etc. Asociación Bancaria de Colombia,
Date of publication, distribution, etc. 1983.
300 ## - PHYSICAL DESCRIPTION
Extent 141 páginas ;
Dimensions 23 cm.
490 0# - SERIES STATEMENT
Series statement Banca ;
Volume/sequential designation 83
501 ## - WITH NOTE
With note Con: notas a pie de página.
505 ## - FORMATTED CONTENTS NOTE
Formatted contents note Discurso. -- Conferencia.
650 14 - SUBJECT ADDED ENTRY--TOPICAL TERM
Topical term or geographic name entry element Balance de pagos
Geographic subdivision Colombia
9 (RLIN) 26908
650 24 - SUBJECT ADDED ENTRY--TOPICAL TERM
Topical term or geographic name entry element Historia económica
Geographic subdivision Colombia
9 (RLIN) 6882
710 2# - ADDED ENTRY--CORPORATE NAME
Corporate name or jurisdiction name as entry element Asociación Bancaria de Colombia.
9 (RLIN) 8022
942 ## - ADDED ENTRY ELEMENTS (KOHA)
Source of classification or shelving scheme Dewey Decimal Classification
Koha item type Books
Existencias
Withdrawn status Lost status Source of classification or shelving scheme Damaged status Not for loan Home library Current library Shelving location Date acquired Source of acquisition Full call number Barcode Date last seen Copy number Price effective from Koha item type
    Dewey Decimal Classification     Biblioteca Pública José María del Castillo y Rada Biblioteca Pública José María del Castillo y Rada General Stacks 04/15/2018 Donación 320.9861 / A837c 430003146 05/16/2024 Ej.1 03/10/2021 Books